ព្រះអាទិត្យថ្មីរះលើដែនដីចាស់ / (Record no. 6543)

MARC details
000 -LEADER
fixed length control field 03769nam a22002297a 4500
001 - CONTROL NUMBER
control field 6543
003 - CONTROL NUMBER IDENTIFIER
control field FISKH
005 - DATE AND TIME OF LATEST TRANSACTION
control field 20250528092244.0
008 - FIXED-LENGTH DATA ELEMENTS--GENERAL INFORMATION
fixed length control field 250508b cb ||||| |||| 00| 0 eng d
040 ## - CATALOGING SOURCE
Original cataloging agency FISKH
Language of cataloging khr
Transcribing agency FISKH
Modifying agency FISKH
082 ## - DEWEY DECIMAL CLASSIFICATION NUMBER
Classification number 920
100 ## - MAIN ENTRY--PERSONAL NAME
Personal name Sorin, Soun
245 ## - TITLE STATEMENT
Title ព្រះអាទិត្យថ្មីរះលើដែនដីចាស់ /
Statement of responsibility, etc. រៀបរៀងដោយ សួន សុរិន្ទ
260 ## - PUBLICATION, DISTRIBUTION, ETC.
Place of publication, distribution, etc. ភ្នំពេញ :
Name of publisher, distributor, etc. រោងពុម្ពវិរិយ: ,
Date of publication, distribution, etc. 1961 .
300 ## - PHYSICAL DESCRIPTION
Extent 150 pages :
Other physical details illustrations ;
Dimensions 20 cm .
520 ## - SUMMARY, ETC.
Summary, etc. រឿងនេះបន្ទាប់ការរត់តាមជីវិតរបស់សំ កសិករវ័យក្មេងម្នាក់ ដែលរស់នៅជាមួយភរិយារបស់គេឈ្មោះ សាយ។ ពួកគេចាកចេញពីភូមិដើម្បីរកជីវភាពកាន់តែល្អ ដោយចូលមករស់នៅទីក្រុងភ្នំពេញ។ នៅទីនោះ សំបានធ្វើការជាជាងបើកស៊ីក្លូ។ បន្ទាប់ពីត្រូវផាកពិន័យពីបទបំពានច្បាប់ចរាចរណ៍ ហើយគ្មានប្រាក់ដើម្បីបង់ពិន័យនោះ ពួកគេត្រូវបានដេញចេញពីបន្ទប់ជួល ហើយចូលទៅស្នាក់នៅព្រះវិហារជាបណ្តោះអាសន្ន។<br/><br/>បន្ទាប់មក សាយត្រូវបានផ្ញើទៅធ្វើការនៅផ្ទះជនមានសម្បត្តិម្នាក់ឈ្មោះលោក ហុក។ នៅយប់មួយ លោកហុកបានប្រព្រឹត្តអំពើទង្វើខុសលើនាង បណ្ដាលឲ្យនាងត្រូវបង្ខំចិត្តចាកចេញពីផ្ទះនោះ ហើយទៅសុំជម្រើសសុវត្ថិភាពជាមួយកម្មករផ្សេងទៀត។ បើទោះបីជាបានជួបប្រទះនឹងការរងទុក្ខនានា ក៏ដោយ សំនៅតែបន្តរក្សាភាពស្មោះត្រង់ និងយុត្តិធម៌។<br/><br/>និទាននេះបង្ហាញពីភាពលំបាករបស់ពលកម្ម និងស្មារតីមិនអន់ចិត្តរបស់ពួកគេក្នុងការរក្សាភាពមានតម្លៃ និងយុត្តិធម៌។
520 ## - SUMMARY, ETC.
Summary, etc. The story follows Sam, a young farmer who, along with his wife Say, leaves their rural village due to poverty and moves to Phnom Penh to work as a cyclo driver. After being fined for a traffic violation and unable to pay the fine, they are evicted from their rented room. They find temporary shelter at a pagoda.<br/><br/>Say is later sent to work in the house of a wealthy merchant, Mr. Hok. One night, he assaults her, leading her to leave his house and seek refuge with fellow workers. Despite the trauma, Sam remains committed to justice and integrity.<br/><br/>The novel portrays the hardships faced by the working class and their unwavering spirit to uphold dignity and justice.tranlsate in khmer
650 ## - SUBJECT ADDED ENTRY--TOPICAL TERM
Topical term or geographic name entry element ព្រះអាទិត្យថ្មីរះលើផែនដីចាស់
Form subdivision និទានខ្មែរសម័យទំនើប
650 ## - SUBJECT ADDED ENTRY--TOPICAL TERM
Topical term or geographic name entry element Preah ah tit thmey ras le den dey chas
Form subdivision Modern khmer fiction
942 ## - ADDED ENTRY ELEMENTS (KOHA)
Source of classification or shelving scheme Dewey Decimal Classification
Koha item type Khmer Books
Suppress in OPAC No
Holdings
Withdrawn status Lost status Source of classification or shelving scheme Damaged status Not for loan Collection Home library Current library Shelving location Date acquired Total Checkouts Full call number Barcode Date last seen Copy number Price effective from Koha item type
    Dewey Decimal Classification     Khmer Language Books / សៀវភៅភាសាខ្មែរ Footprints International School Library Network Toul Tom Poung Campus Footprints International School Library Network Toul Tom Poung Campus TTP Secondary Khmer Bookshelves 05/08/2025   SOR 920 FISSE01634 05/08/2025 1 05/08/2025 Khmer Books
    Dewey Decimal Classification     Khmer Language Books / សៀវភៅភាសាខ្មែរ Footprints International School Library Network Toul Tom Poung Campus Footprints International School Library Network Toul Tom Poung Campus TTP Secondary Khmer Bookshelves 05/08/2025   SOR 920 FISSE01724 05/08/2025 2 05/08/2025 Khmer Books
    Dewey Decimal Classification     Khmer Language Books / សៀវភៅភាសាខ្មែរ Footprints International School Library Network Toul Tom Poung Campus Footprints International School Library Network Toul Tom Poung Campus TTP Secondary Khmer Bookshelves 05/08/2025   SOR 920 FISSE02133 05/08/2025 3 05/08/2025 Khmer Books
    Dewey Decimal Classification     Khmer Language Books / សៀវភៅភាសាខ្មែរ Footprints International School Library Network Toul Tom Poung Campus Footprints International School Library Network Toul Tom Poung Campus TTP Primary Khmer Bookshelves 05/08/2025   SOR 920 FISSE02119 05/08/2025 4 05/08/2025 Khmer Books
    Dewey Decimal Classification     Khmer Language Books / សៀវភៅភាសាខ្មែរ Footprints International School Library Network Toul Tom Poung Campus Footprints International School Library Network Toul Tom Poung Campus TTP Primary Khmer Bookshelves 05/13/2025   SOR 920 FISSE02104 05/13/2025 5 05/13/2025 Khmer Books